|
|
|
|
| LEADER |
00000cam a22000004a 4500 |
| 001 |
musev2_65728 |
| 003 |
MdBmJHUP |
| 005 |
20230905050750.0 |
| 006 |
m o d |
| 007 |
cr||||||||nn|n |
| 008 |
190424s2019 ncu o 00 0 eng d |
| 020 |
|
|
|a 9781469651811
|
| 020 |
|
|
|z 9781469652016
|
| 020 |
|
|
|z 9781469651804
|
| 020 |
|
|
|z 9781469651798
|
| 035 |
|
|
|a (OCoLC)1098213100
|
| 040 |
|
|
|a MdBmJHUP
|c MdBmJHUP
|
| 245 |
0 |
0 |
|a Virginia 1619 :
|b Slavery and Freedom in the Making of English America /
|c edited by Paul Musselwhite, Peter C. Mancall, and James Horn.
|
| 264 |
|
1 |
|a Chapel Hill :
|b The University of North Carolina Press,
|c [2019]
|
| 264 |
|
3 |
|a Baltimore, Md. :
|b Project MUSE,
|c 2019
|
| 264 |
|
4 |
|c ©[2019]
|
| 300 |
|
|
|a 1 online resource (336 pages).
|
| 336 |
|
|
|a text
|b txt
|2 rdacontent
|
| 337 |
|
|
|a computer
|b c
|2 rdamedia
|
| 338 |
|
|
|a online resource
|b cr
|2 rdacarrier
|
| 500 |
|
|
|a "Although this volume centers on the events of a sweltering summer in the Chesapeake Tidewater, it began life in the mountains of northern New England. It grew out of a conference hosted at Dartmouth College in the spring of 2017 ..."--Acknowledgments page
|
| 505 |
0 |
0 |
|t Introduction /
|r James Horn and Paul Musselwhite --
|t Before 1619 /
|r Peter C. Mancall --
|t "The savages of Virginia our project" : the Powhatans in Jacobean political thought /
|r Lauren Working --
|t Race, conflict, and exclusion in Ulster, Ireland, and Virginia /
|r Nicholas Canny --
|t Virginia slavery in Atlantic context, 1550 to 1650 /
|r Philip D. Morgan --
|t Bermuda and the beginnings of Black Anglo-America /
|r Michael J. Jarvis --
|t "Poore Soules" : migration, labor, and visions for commonwealth in Virginia /
|r Misha Ewen --
|t Private plantation : the political economy of land in early Virginia /
|r Paul Musselwhite --
|t "A part of that commonwealth hetherto too much neglected" : Virginia's contested "publick" and the origins of the General Assembly /
|r Alexander B. Haskell --
|t The company-commonwealth /
|r Andrew Fitzmaurice --
|t "These doubtfull times, between us and the Indians" : indigenous politics and the Jamestown Colony in 1619 /
|r James D. Rice --
|t Brase's case : making slave law as customary law in Virginia's general court, 1619-1625 /
|r Paul D. Halliday --
|t Virginia and the Amazonian alternative /
|r Melissa N. Morris --
|t From John Smith to Adam Smith : Virginia and the founding conventions of English long-distance settler colonization /
|r Jack P. Greene.
|
| 520 |
|
|
|a This book provides an opportunity to reflect on the origins of English colonialism around the Chesapeake Bay and the Atlantic world. As the essays here demonstrate, Anglo-Americans have been simultaneously experimenting with representative government and struggling with the corrosive legacy of racial thinking for more than four centuries. Virginia, contrary to popular stereotypes, was not the product of thoughtless, greedy, or impatient English colonists. Instead, the emergence of stable English Atlantic colonies reflected the deliberate efforts of an array of actors to establish new societies based on their ideas about commonwealth, commerce, and colonialism. Looking back from 2019, we can understand that what happened on the shores of the Chesapeake four hundred years ago was no accident.
|
| 588 |
|
|
|a Description based on print version record.
|
| 651 |
|
7 |
|a Virginia.
|2 fast
|0 (OCoLC)fst01204597
|
| 651 |
|
7 |
|a United States.
|2 fast
|0 (OCoLC)fst01204155
|
| 651 |
|
6 |
|a Virginie
|x Politique et gouvernement
|y Jusqu'à 1775.
|
| 651 |
|
6 |
|a Virginie
|x Histoire
|y ca 1600-1775 (Periode coloniale)
|
| 651 |
|
0 |
|a Virginia
|x Politics and government
|y To 1775.
|
| 651 |
|
0 |
|a Virginia
|x History
|y Colonial period, ca. 1600-1775.
|
| 650 |
|
7 |
|a Slavery.
|2 fast
|0 (OCoLC)fst01120426
|
| 650 |
|
7 |
|a Politics and government.
|2 fast
|0 (OCoLC)fst01919741
|
| 650 |
|
7 |
|a Indians of North America.
|2 fast
|0 (OCoLC)fst00969633
|
| 650 |
|
7 |
|a Democracy.
|2 fast
|0 (OCoLC)fst00890077
|
| 650 |
|
7 |
|a African Americans.
|2 fast
|0 (OCoLC)fst00799558
|
| 650 |
|
7 |
|a HISTORY
|z United States
|x Colonial Period (1600-1775)
|2 bisacsh
|
| 650 |
|
7 |
|a HISTORY
|z United States
|x State & Local
|x South (AL, AR, FL, GA, KY, LA, MS, NC, SC, TN, VA, WV)
|2 bisacsh
|
| 650 |
|
6 |
|a Noirs americains
|z Virginie
|x Histoire
|y 17e siecle.
|
| 650 |
|
0 |
|a Democracy
|z United States
|x History.
|
| 650 |
|
0 |
|a Slavery
|z Virginia
|x History
|y 17th century.
|
| 650 |
|
0 |
|a Indians of North America
|z Virginia
|x History
|y 17th century.
|
| 650 |
|
0 |
|a African Americans
|z Virginia
|x History
|y 17th century.
|
| 655 |
|
7 |
|a Internet resources.
|2 gtlm
|
| 655 |
|
7 |
|a History.
|2 fast
|0 (OCoLC)fst01411628
|
| 655 |
|
7 |
|a Electronic books.
|2 local
|
| 700 |
1 |
|
|a Horn, James,
|d 1953-
|e editor.
|
| 700 |
1 |
|
|a Mancall, Peter C.,
|e editor.
|
| 700 |
1 |
|
|a Musselwhite, Paul,
|e editor.
|
| 710 |
2 |
|
|a Project Muse.
|e distributor
|
| 830 |
|
0 |
|a Book collections on Project MUSE.
|
| 856 |
4 |
0 |
|z Texto completo
|u https://projectmuse.uam.elogim.com/book/65728/
|
| 945 |
|
|
|a Project MUSE - Custom Collection
|
| 945 |
|
|
|a Project MUSE - 2019 Complete
|
| 945 |
|
|
|a Project MUSE - 2019 US Regional Studies, South
|